Detalles MARC
| 000 -LÍDER |
| Campo fijo de descripción fija |
03372aam a2200373 i 4500 |
| 001 - NÚMERO DE CONTROL |
| Campo de control |
768714001 |
| 003 - IDENTIFICADOR DEL NÚMERO DE CONTROL |
| Campo de control |
CO-MdFUSB |
| 005 - FECHA Y HORA DE LA ULTIMA TRANSACCIÓN |
| control field |
20240417105600.0 |
| 007 - CAMPO FIJO DE DESCRIPCIÓN FIJA--INFORMACIÓN GENERAL |
| Campo fijo de descripción fija |
cr aa uaaaa |
| 008 - ELEMENTOS DE LONGITUD FIJA -- INFORMACIÓN GENERAL |
| Campo fijo de descripción fija -- Información general |
240416t2011 -us |||| |||| 00| spa d |
| 020 ## - NÚMERO INTERNACIONAL NORMALIZADO PARA LIBROS |
| Número Internacional Normalizado del libro |
9781616383268 |
| Información adicional |
[electrónico] |
| 040 ## - FUENTE DE CATALOGACIÓN |
| Agencia que realiza la transcripción |
CO-MdFUSB |
| 041 0# - CÓDIGO DE IDIOMA |
| Código de idioma para texto/pista de sonido o título separado |
spa |
| 082 04 - NÚMERO DE CLASIFICACIÓN DECIMAL DEWEY |
| Número de clasificación |
220 |
| 100 1# - ASIENTO PRINCIPAL--NOMBRE PERSONAL |
| Nombre personal |
Grady, J. Lee. |
| Término relacionador |
autor |
| 245 10 - TÍTULO |
| Título del Material |
10 mentiras que los hombres creen : |
| Parte restante del título - Subtitulo |
la verdad sobre las mujeres, el poder, el sexo, Dios y porqué importan |
| Mención de responsabilidad, etc. |
/ J. Lee Grady |
| Medio físico |
[electrónico] |
| 264 #1 - PRODUCCIÓN, PUBLICACIÓN, DISTRIBUCIÓN, MANUFACTURA, Y COPYRIGHT |
| Nombre del productor, publicador, distribuidor |
Casa Creación, |
| Lugar de producción, publicación, distribución, manufactura |
Estados Unidos : |
| Fecha de producción, publicación, distribución, manufactura, o copyright |
[2011] |
| 264 #4 - PRODUCCIÓN, PUBLICACIÓN, DISTRIBUCIÓN, MANUFACTURA, Y COPYRIGHT |
| Fecha de producción, publicación, distribución, manufactura, o copyright |
©2011 |
| 300 ## - DESCRIPCIÓN FÍSICA |
| Extensión |
100 páginas |
| 336 ## - TIPO DE CONTENIDO |
| Fuente |
rdacontent |
| Término de tipo de contenido |
texto |
| Código de tipo de contenido |
txt |
| 337 ## - TIPO DE MEDIO |
| Fuente |
rdamedia |
| Nombre del tipo de medio |
informático |
| Código del tipo de medio |
c |
| 338 ## - TIPO DE SOPORTE |
| Fuente |
rdacarrier |
| Nombre del tipo de soporte |
remoto |
| Código Tipo de soporte |
cr |
| 505 ## - NOTA DE CONTENIDO |
| Título |
Introducción: ¿Le han lavado el cerebro? Mentira N° 1: Dios hizo a los hombres superiores a las mujeres. -- Mentira N° 2: Un hombre no puede tener una buena relación con su padre. -- Mentira N° 3: Un verdadero hombre se define por el éxito material. -- Mentira N° 4: El hombre es el “jefe” supremo de su familia. -- Mentira N° 5: El sexo es principalmente para el goce del hombre, no de la mujer. -- Mentira N° 6: Está bien que un hombre golpee o abuse de una mujer. -- Mentira N° 7: Los verdaderos hombres no necesitan amistades masculinas íntimas. -- Mentira N° 8: Un hombre nunca debe admitir sus debilidades. -- Mentira N° 9: Los verdaderos hombres no lloran. -- Mentira N° 10: Un hombre nunca debe recibir ministración espiritual de una mujer. -- Conclusión: El viaje de debilucho a guerrero. -- Apéndice: El secreto del poder espiritual para cada hombre.<br/> |
| 505 ## - NOTA DE CONTENIDO |
| Título |
<br/> |
| Nota de contenido con formato preestablecido |
<br/> |
| 506 ## - NOTA DE RESTRICCIONES DE ACCESO |
| Condiciones de acceso |
Solicitar clave y usuario para acceder al libro electrónico. |
| 520 ## - NOTA DE RESUMEN, ETC. |
| Nota de sumario, etc. |
10 mentiras que los hombres creen hecha un vistazo de manera compasiva, pero contenciosa a las razones por las cuales tantos hombres cristianos hoy en día están en serias crisis. El autor, que ha pasado ocho años confrontando el abuso a las mujeres en más de 20 países, cree que los hombres están fallando en el matrimonio, la paternidad, la amistad y sus profesiones debido a diez erróneas formas de pensar que han sido heredadas de la cultura.Para que los hombres se sobrepongan a problemas como el orgullo, la inseguridad, el divorcio, la inmoralidad sexual y la disfunción emocional, tiene que renunciar a las mentiras de la cultura y abrazar la verdad de la Palabra de Dios, la cual tiene el poder de renovar nuestras mentes (Romanos 12:2).Con profunda sinceridad, el autor presenta respuestas prácticas para los hombres que luchan con una variedad de asuntos como lo son la adicción, las tendencias abusivas, la pornografía, el comportamiento controlador y los problemas emocionales cuya raíz es la falta de una buena figura paterna. El libro también es un excelente recurso para las mujeres que han sufrido por el maltrato de los hombres en su vida. |
| 650 #0 - ASIENTO SECUNDARIO DE MATERIA - TERMINO TEMÁTICO |
| Término temático o nombre geográfico como elemento de entrada |
Vida cristiana |
| 9 (RLIN) |
19 |
| 653 ## - TÉRMINO DE INDIZACIÓN - NO CONTROLADO |
| Término no controlado |
Interpretación bíblica |
| 856 ## - LOCALIZACIÓN Y ACCESO ELECTRÓNICOS |
| Numero de Acceso |
2419641 |
| Identificador Uniforme del Recurso |
<a href="https://web.p.ebscohost.com/ehost/detail/detail?vid=15&sid=8831ff61-7f75-483c-ab20-f69c4746555d%40redis&bdata=Jmxhbmc9ZXMmc2l0ZT1laG9zdC1saXZl#AN=2419641&db=nlebk">https://web.p.ebscohost.com/ehost/detail/detail?vid=15&sid=8831ff61-7f75-483c-ab20-f69c4746555d%40redis&bdata=Jmxhbmc9ZXMmc2l0ZT1laG9zdC1saXZl#AN=2419641&db=nlebk</a> |
| Nota dirigida al público |
<a href="Abrir Versión electrónica del libro AQUÏ">Abrir Versión electrónica del libro AQUÏ</a> |
| 942 ## - TIPO DE MATERIAL (KOHA) |
| Tipo de Item KOHA |
Libro electrónico |
| 945 ## - INFORMACIÓN LOCAL DEL REGISTRO |
| Catalogador |
JTF-925 |